000 01129nam a2200325 i 4500
003 DO-SdBNP
005 20240530073928.0
006 a||||gr|||| 00| 0
007 ta
008 230704e2023 dr ac||| |||| 00| e spa d
020 _a9789945184242
040 _aDO-SdBNP
_bspa
_cBNPHU
_erda
082 4 _aRD863.44
_bD389d, 2023
_222
100 _4Del Villar, Lavinia
_eautora
245 _aDe sueños, verdades y dudas... :
_bun susurro de recuerdos /
_cLavinia Del Valle ; nota editorial Bergson Rosario
250 _a2a. edición
264 1 _aSanto Domingo :
_bCiliya,
_bBúho,
_c2023.
300 _a120 páginas :
_bIlustraciones, retratos ;
_c23 cm.
336 _2rdaconten
_atexto
_btxt
337 _2rdamedia
_asin medición
_bn
338 _2rdacarrier
_avolumen
_bnc
490 0 _aEnsayo
500 _aIncluye datos biográficos de la autora en la solapa de la cubierta.
590 _aInventariado 2023 / YL
650 0 _aNovela dominicana
_9223
650 4 _aLiteratura dominicana
700 1 _aRosario, Bergson
_enota editorial
_91182
910 _aYLockward. Validado. Control de calidad MFF
942 _2ddc
_cLBS1
999 _c54975
_d54975